00965nam a2200277 a 450000100100000000500170001000800410002702000150006804000250008304100390010808200180014710000170016524000370018224500850021926000600030430000210036449000340038550000780041953400460049765000160054365000230055965000130058265000190059570000390061483000340065300002223320260417092137.0100920s1995 mx 000 0 spa d a9681646002 aDO-SdBNPbspacBNPHU17aspaheng2Código de idiomas MARC a320.51bR261p1 aRawls, John.10aPolitical liberalism.lEspañol10aLiberalismo político /cJohn Rawls ; traducción Sergio René Modero Báez. aMéxico, D. F. :bFondo de Cultura Económica,c1995. a359 p. ;c23 cm.1 aObras de Política y Derecho aPrimera reimpresión de la primera edición en español del año 1995 aTítulo original :tPolitical liberalism 0aLiberalismo 4aFormas de gobierno 0aLibertad 4aNeoliberalismo1 aModero Báez, Sergio René,etr. 0aObras de Política y Derecho